00536nam a2200169Ia 4500001000900000003000500009005001700014008004100031010001100072040002300083100003000106245008500136260008700221300001000308500003800318650001000356dia_4219CHAP20251029170135.0220117s1990 xx 000 0 und d a174860 cCHAPamxchpuaerda aBarreras Soto, Abundio M. aGuía para producir trigo en el estado de Sinaloa /c Abundio M. Barreras Soto aMéxico :b SARH, Instituto de investigaciones forestales y agropecuarias,c1990 a16 p. aD. (Folleto para productores, 30) aTrigo